Vocabulari d'estadística (Registre núm. 68540)

MARC details
000 -LEADER
campo de control de longitud fija 00927amm a2200253 4500
008 - DATOS DE LONGITUD FIJA--INFORMACIÓN GENERAL
campo de control de longitud fija 210912s2021 o | cat d
041 ## - CÓDIGO DE IDIOMA
Código de lengua del texto/banda sonora o título independiente cat
041 ## - CÓDIGO DE IDIOMA
Llengües tractades spa
041 ## - CÓDIGO DE IDIOMA
Llengües tractades eng
080 ## - NÚMERO DE LA CLASIFICACIÓN DECIMAL UNIVERSAL
Número de la Clasificación Decimal Universal 311(038)
110 ## - ENTRADA PRINCIPAL--NOMBRE DE ENTIDAD CORPORATIVA
Nombre de entidad corporativa o nombre de jurisdicción como elemento de entrada Universitat de Barcelona. Facultat de Ciències Econòmiques i Empresarials. Comissió de Normalització Lingüística
9 (RLIN) 66250
245 ## - MENCIÓN DEL TÍTULO
Título Vocabulari d'estadística
Medio [en línia]
Mención de responsabilidad, etc. Comissió de Dinamització Lingüística de la Facultat de d’Economia i Empresa. Universitat de Barcelona
260 ## - PUBLICACIÓN, DISTRIBUCIÓN, ETC.
Lugar de publicación, distribución, etc. Barcelona
Nombre del editor, distribuidor, etc. Universitat de Barcelona. Serveis Lingüístics
Fecha de publicación, distribución, etc. 2024
500 ## - NOTA GENERAL
Nota general Categoria gramatical, sinònims
520 ## - RESUMEN, ETC.
Nombre de termes 485
592 ## - Tipus obra
Tipus d'obra Obra terminològica
593 ## - Codi CGAT
Codi de la CGAT AT
650 ## - PUNTO DE ACCESO ADICIONAL DE MATERIA--TÉRMINO DE MATERIA
Término de materia o nombre geográfico como elemento de entrada estadística
9 (RLIN) 60620
856 ## - LOCALIZACIÓN Y ACCESO ELECTRÓNICOS
Identificador Uniforme de Recursos <a href="https://www.ub.edu/ubterm/obra/estadistica/">https://www.ub.edu/ubterm/obra/estadistica/</a>
901 ## - ELEMENTOS DE DATOS A LOCAL LDA (RLIN)
c <2021>
902 ## - ELEMENTOS DE DATOS B LOCAL, LDB (RLIN)
a 210912
942 ## - ELEMENTOS DE ENTRADA SECUNDARIOS (KOHA)
Tipo de ítem Koha Monografia
Suprimir en OPAC No
Fuente del sistema de clasificación o colocación Clasificación Decimal Dewey
Fons
Estatus retirado Estado de pérdida Estado de daño No para préstamo Biblioteca de origen Biblioteca actual Fecha de adquisición Total de préstamos Código de barras Visto por última vez Identificador Uniforme de Recursos Precio de reemplazo Tipo de ítem Koha
        TERMCAT TERMCAT 13/09/2021   P_68647 09/02/2023 https://www.ub.edu/ubterm/obra/estadistica/ 09/02/2023 MO